Professional nursing in the Philippines / (Record no. 283804)
[ view plain ]
| 000 -LEADER | |
|---|---|
| fixed length control field | 01239nam a2200253 a 4500 |
| 001 - CONTROL NUMBER | |
| control field | MEB026637 |
| 003 - CONTROL NUMBER IDENTIFIER | |
| control field | PILC |
| 005 - DATE AND TIME OF LATEST TRANSACTION | |
| control field | 20150320120739.0 |
| 008 - FIXED-LENGTH DATA ELEMENTS--GENERAL INFORMATION | |
| fixed length control field | |
| 020 ## - INTERNATIONAL STANDARD BOOK NUMBER | |
| International Standard Book Number | 9789715848930 |
| 050 ## - LIBRARY OF CONGRESS CALL NUMBER | |
| Classification number | RT 82 |
| Item number | .V569 2010 |
| 110 ## - MAIN ENTRY--CORPORATE NAME | |
| Corporate name or jurisdiction name as entry element | Venzon, Lydia M. |
| 245 #0 - TITLE STATEMENT | |
| Title | Professional nursing in the Philippines / |
| Statement of responsibility, etc | Lydia M. Venzon, Ronald M. Venzon. |
| 250 ## - EDITION STATEMENT | |
| Edition statement | 11th ed. |
| 260 ## - PUBLICATION, DISTRIBUTION, ETC. (IMPRINT) | |
| Place of publication, distribution, etc | Quezon City : |
| Name of publisher, distributor, etc | C & E Publishing, |
| Date of publication, distribution, etc | c2010. |
| 300 ## - PHYSICAL DESCRIPTION | |
| Extent | xxi, 501 pages : |
| Dimensions | 22 cm. |
| 505 ## - FORMATTED CONTENTS NOTE | |
| Miscellaneous information | Nursing as a profession -- |
| Title | License to practice nursing -- |
| -- | The licensing board -- |
| -- | Different fields of nursing -- |
| -- | Nursing opportunities abroad -- |
| -- | Choosing, retaining, resigning and dismissal from a position -- |
| -- | Contracts -- |
| -- | Nursing ethics -- |
| -- | Moral and spiritual responsibilities of nurses -- |
| -- | Code of ethics for Filipino nurse -- |
| -- | Laws governing the practice of nursing -- |
| -- | Legal aspects and the nurse -- |
| -- | Continuing education in nursing -- |
| -- | Nursing associations in the Philippines -- |
| -- | International nursing and allied organizations. |
| 521 ## - TARGET AUDIENCE NOTE | |
| Target audience note | Nursing |
| 650 ## - SUBJECT ADDED ENTRY--TOPICAL TERM | |
| Topical term or geographic name as entry element | Nursing. |
| 650 ## - SUBJECT ADDED ENTRY--TOPICAL TERM | |
| Topical term or geographic name as entry element | Nursing |
| General subdivision | Practice |
| Geographic subdivision | Philippines. |
| 650 ## - SUBJECT ADDED ENTRY--TOPICAL TERM | |
| Topical term or geographic name as entry element | Nursing |
| General subdivision | Standards. |
| 700 ## - ADDED ENTRY--PERSONAL NAME | |
| Personal name | Venzon, Ronald M. |
| 942 ## - ADDED ENTRY ELEMENTS (KOHA) | |
| Source of classification or shelving scheme | Library of Congress Classification |
| Koha item type | Books |
| Withdrawn status | Lost status | Source of classification or shelving scheme | Damaged status | Home library | Current library | Shelving location | Date acquired | Source of acquisition | Total Checkouts | Full call number | Barcode | Date last seen | Price effective from | Koha item type |
|---|---|---|---|---|---|---|---|---|---|---|---|---|---|---|
| Library of Congress Classification | College Library | College Library | Filipiniana Section | 03/20/2015 | Library Fund | RT 82 .V569 2010 | C19235 | 05/08/2018 | 03/20/2015 | Books |